| 000 | 00335nam a22001337a 4500 | ||
|---|---|---|---|
| 003 | SGT | ||
| 020 | _a978-0-500-28684-5 | ||
| 082 |
_a677 _bT07B |
||
| 100 | _aBRADDOCK, SAVAH E. | ||
| 245 | _aTECHNO TEXTILES REVOLUTIONARY FABRICS FOR FASHION DESIGN | ||
| 260 |
_aLONDON _bTHAMES & HUDSON _c2007 |
||
| 300 | _a208 | ||
| 942 |
_2ddc _cBK _02 |
||
| 999 |
_c17210 _d17210 |
||